000 00322 a2200157 4500
001 67907
020 _a9781408060834
040 _cAnchieta - Pituba
100 _aAlcott, Samantha
240 1 0 _aSpin 1
_lpor
245 1 0 _aSpin 1
300 _a134
362 0 _a2013
650 4 _aInglês e inglês antigo
942 _cBK
999 _c67907
_d67907